000 00327 a2200109 4500
001 ART_7639
005 20260410161637.0
008 260409a
245 1 0 _aControversia sobre venta de acciones brasileñas
100 1 _aEdelstein, Andrés M.
773 0 _tConsultor tributario
_g- Nº 6 (ago. 2007)
_wREV474
999 _c13004
_d13004